000 01062nam a2200301 a 4500
001 4879702
003 OSt
005 20240626121252.0
008 920825s1990 ja a b i100 0 eng
010 _a 92205152
020 _a9280807323
040 _cMUST
043 _aw------
082 0 0 _a635 TRO 1990
_222
100 _aLandauer, Kathleen
_918044
245 0 0 _aTropical home gardens
_cedited by Kathleen Landauer and Mark Brazil.
260 _aTokyo, Japan :
_bUnited Nations University Press,
_cc1990.
300 _axv, 257 p. :
_bill. ;
_c24 cm.
504 _aIncludes bibliographical references
650 0 _aGardens
_zTropics
_xCongresses.
_918045
650 0 _aGardening
_zTropics
_xCongresses.
_918046
650 0 _aFood crops
_zTropics
_xCongresses.
_918047
700 1 _aLandauer, Kathleen.
_918044
700 1 _aBrazil, Mark.
_918048
906 _a7
_bcbc
_corignew
_d2
_encip
_f19
_gy-gencatlg
942 _2ddc
_cO_SHELF
999 _c8918
_d8918